• 首页
  • 本馆介绍
  • 公告通知
  • 最新文献
  • 馆藏检索
  • 电子资源
  • 读者导购
  • 参考咨询
  • 我的图书馆
  • 登录
  • 详细信息显示
  • 放入我的书架
  • 预约/预借图书
  • 作者相关作品
  • 分类相关作品
  • 丛书相关作品
  • 出版社相关作品

书目信息

  • 表格格式
  • 工作单格式
  • 卡片格式
题名:
中华通鉴
    
 
作者: 吴江雄 编撰
分册: 上卷  
出版信息: 南宁   广西民族出版社  1996.5
页数: 463页
开本: 20cm
丛书名:
单 册:
中图分类: K204 , I206
科图分类:
主题词: 著作--评论--中国 , 文学--中国
电子资源:
ISBN: 7-5363-3159-2
000 00787nam0 2200241 450
001 1562521381
005 20150125172238.56
010    @a7-5363-3159-2@dCNY19.75
100    @a19970714d1996 em0110hiy0110 ea
101 0  @achi
102    @aCN@b450100
105    @af z 000yy
200 1  @a中华通鉴@9Wu Jiang Xiong Bian Zhuan@9Ying Xiang Li Shi De Yi Bai Pian Ming Zuo@9Zhong Hua Tong Jian@e影响历史的一百篇名作@h上卷@f吴江雄编撰
210    @a南宁@c广西民族出版社@d1996.5
215    @a463页@c照片@d20cm
517 1  @a影响历史的一百篇名作@9Ying Xiang Li Shi De Yi Bai Pian Ming Zuo
606 0  @a著作@x评论@y中国
606 0  @a文学@x中国
690    @aK204@v5
690    @aI206@v4
701  0 @a吴江雄@9Wu Jiang Xiong@4编撰
801  0 @aCN@bTSSF@c20150125
905    @aZUCC@dI206@eJY58:1
    
    中华通鉴:影响历史的一百篇名作.上卷/吴江雄编撰.-南宁:广西民族出版社,1996.5
    463页:照片;20cm
    
    
    ISBN 7-5363-3159-2:CNY19.75
    
●
相关链接 在E读中查询图书 在五车中查询图书 在当当中查询图书 在豆瓣中查询图书


正题名:中华通鉴     索取号:I206/JY58:1         预约/预借

序号 登录号 条形码 馆藏地/架位号 状态 备注
1 7854263   278542631   学院路分馆/ [索取号:I206/JY58:1] 在馆    
2 7854264   278542640   学院路分馆/ [索取号:I206/JY58:1] 在馆    
3 7854265   278542659   学院路分馆/ [索取号:I206/JY58:1] 在馆    
4 7854266   278542668   学院路分馆/ [索取号:I206/JY58:1] 在馆    
唐山师范学院图书馆 欢迎您!
大连网信软件有限公司© 版权所有